000 00441nam a2200145Ia 4500
008 090124s9999 xx 000 0 und d
082 _b201825
245 _a संगीत सती पिंगला
250 _a2
260 _bआपटे हरी नारायण
_c1964
300 _a73
630 _a संगीत सती पिंगला
730 _a संगीत सती पिंगला
942 _cBOOK
999 _c183406
_d183406